| 000 | 00452nam a2200193Ia 4500 | ||
|---|---|---|---|
| 003 | GCL | ||
| 008 | 140319s9999 xx 000 0 eng d | ||
| 040 |
_aGCL / _cGCL |
||
| 082 | 0 | 4 |
_aCH _b751 _bS P |
| 100 | 1 | _aSMART, TONY | |
| 245 | 1 | 0 |
_aPAINT: CRAFTS FOR KIDS / _cSMART, TONY |
| 260 |
_a[S.N] : _bAPPLE PRESS ، _c1996 |
||
| 300 | _a96 P | ||
| 650 | 0 | 4 | _aDRAWING |
| 650 | 0 | 4 | _aCHILDREN |
| 650 | 0 | 4 | _aARTS |
| 650 | 0 | 4 | _aPAINTING |
| 942 |
_2ddc _cBK |
||
| 999 |
_c15319 _d15319 |
||